000 00393nam a22001697a 4500
999 _c10722
_d10722
003 OSt
008 210722b ||||| |||| 00| 0 eng d
020 _a9781633697621
082 _a005.1 IAC
100 _aIANSITI,Marco
245 _aCompeting in the Age of AI
260 _aNew Delhi
_bHarvard Business
300 _a267
650 _aCSE
700 _aLAKHANI,Karim R
942 _2ddc
_cBK